<?xml version="1.0" encoding="UTF-8"?>
<record
    xmlns:xsi="http://www.w3.org/2001/XMLSchema-instance"
    xsi:schemaLocation="http://www.loc.gov/MARC21/slim http://www.loc.gov/standards/marcxml/schema/MARC21slim.xsd"
    xmlns="http://www.loc.gov/MARC21/slim">

  <leader>00308    a2200121   4500</leader>
  <controlfield tag="005">20240930141810.0</controlfield>
  <controlfield tag="008">240930b        |||||||| |||| 00| 0 eng d</controlfield>
  <datafield tag="100" ind1=" " ind2=" ">
    <subfield code="a">Muthiah S</subfield>
    <subfield code="9">117077</subfield>
  </datafield>
  <datafield tag="245" ind1=" " ind2=" ">
    <subfield code="a">Chettiar Heritage</subfield>
  </datafield>
  <datafield tag="260" ind1=" " ind2=" ">
    <subfield code="b">Madras Editorial services</subfield>
    <subfield code="c">2000</subfield>
    <subfield code="a">Chennai</subfield>
  </datafield>
  <datafield tag="300" ind1=" " ind2=" ">
    <subfield code="a">320p</subfield>
    <subfield code="b">HB</subfield>
  </datafield>
  <datafield tag="942" ind1=" " ind2=" ">
    <subfield code="c">BK</subfield>
  </datafield>
  <datafield tag="999" ind1=" " ind2=" ">
    <subfield code="c">359734</subfield>
    <subfield code="d">359734</subfield>
  </datafield>
  <datafield tag="952" ind1=" " ind2=" ">
    <subfield code="0">0</subfield>
    <subfield code="1">0</subfield>
    <subfield code="2">ddc</subfield>
    <subfield code="4">0</subfield>
    <subfield code="7">0</subfield>
    <subfield code="8">Book of B Arch</subfield>
    <subfield code="a">BNCA</subfield>
    <subfield code="b">BNCA</subfield>
    <subfield code="d">2024-09-27</subfield>
    <subfield code="e">170</subfield>
    <subfield code="g">1890.00</subfield>
    <subfield code="o">720.9/MUT</subfield>
    <subfield code="p">BNCA-BK-12880</subfield>
    <subfield code="r">2024-09-27 00:00:00</subfield>
    <subfield code="v">3000.00</subfield>
    <subfield code="w">2024-09-27</subfield>
    <subfield code="y">RF</subfield>
  </datafield>
</record>
